[Event "Guernsey op 33rd"]
[Site "Guernsey"]
[Date "2007.10.27"]
[Round "7"]
[White "Brookfield, Toby"]
[Black "Robinson, Tom"]
[Result "0-1"]
[WhiteElo "1709"]
[BlackElo "1852"]
[PlyCount "46"]
[EventDate "2007.10.21"]
[EventType "swiss"]
[EventRounds "7"]
[EventCountry "GCI"]
[SourceTitle "EXT 2009"]
[Source "ChessBase"]
[SourceDate "2008.11.26"]
[SourceVersion "1"]
[SourceVersionDate "2008.11.26"]
[SourceQuality "1"]

1. e4 e6 2. e5 d5 3. exd6 cxd6 4. d4 d5 5. Nf3 Nf6 6. Bd3 Nc6 7. 0-0 Bd6 8. Bg5 h6 9. Bh4 g5 10. Bg3 Bxg3 11. fxg3 Qb6 12. c3 Qxb2 13. Ne5 Nxe5 14. dxe5 Nd7 15. Qf3 Rf8 16. Nd2 Qxd2 17. Bb5 a6 18. Rf2 g4 19. Qxg4 Qxc3 20. Raf1 axb5 21. Rxf7 Qc5+ 22. R7f2 Rxa2 23. Qxe6+ Kd8 0-1

[Event "Guernsey op 33rd"]
[Site "Guernsey"]
[Date "2007.10.21"]
[Round "1"]
[White "Goman, Colin"]
[Black "Robinson, Tom"]
[Result "0-1"]
[WhiteElo "1885"]
[BlackElo "1852"]
[PlyCount "52"]
[EventDate "2007.10.21"]
[EventType "swiss"]
[EventRounds "7"]
[EventCountry "GCI"]
[SourceTitle "EXT 2009"]
[Source "ChessBase"]
[SourceDate "2008.11.26"]
[SourceVersion "1"]
[SourceVersionDate "2008.11.26"]
[SourceQuality "1"]

1. d4 d5 2. c4 c6 3. Nf3 e6 4. b3 Nd7 5. Qc2 f5 6. c5 Ne7 7. h4 b6 8. b4 a5 9. b5 Qc7 10. cxb6 Qxb6 11. bxc6 Nxc6 12. e3 Nb4 13. Qd2 Ba6 14. Nc3 Rc8 15. Rb1 Nf6 16. a3 Bxf1 17. Kxf1 Qa6+ 18. Kg1 Nd3 19. Ne1 Nxc1 20. Qxc1 Ne4 21. Kh2 Bd6+ 22. f4 Rxc3 23. Qb2 Rxe3 24. Nf3 Bxf4+ 25. Kh3 Re2 26. Qb3 Nf2# 0-1